000 00770nam a2200241Ia 4500
001 dia_4158
003 CHAP
005 20251014165254.0
008 220117s1993 xx 000 0 und d
010 _a174789
040 _amxchpua
_erda
090 _aFOLLETO 2501
100 _aMuñoz Rodríguez, Manrubio
_9139120
245 _aEl sistema leche de México en el marco del tratado trilateral de libre comercio /
_c Manrubio Muñoz Rodríguez y PI US O-dermatt
260 _aChapingo, México :
_b UACh, CIESTAAM,
_c1993
300 _a24 h.
500 _aS/c (Reporte de investigación, 3)
650 _aLeche
_965357
901 _aFOLLETO 2501
902 _aM
905 _a0000001993 mx 0000000000spa00
942 _cFOLL
_2local
999 _c174789
_d174789